Catecismo de la Iglesia Católica

Saved in:
Bibliografiske detaljer
Format: Bog
Sprog:spansk
Udgivet: Ciudad del Vaticano Libreria Editrice Vaticana 1992
Fag:
Tags: Tilføj Tag
Ingen Tags, Vær først til at tagge denne postø!

MARC

LEADER 00000cam a2200000 a 4500
001 UCF5570
003 CL-VaPUC
008 130318e19920000VC |||||||||||||||||spa|d
082 0 4 |a 238.2  |b CAT  |2 21 
245 1 0 |a Catecismo de la Iglesia Católica 
300 |a t 
942 |c BK 
945 |d 20130318 00:00:00  |a dcastane 
260 |a Ciudad del Vaticano  |b Libreria Editrice Vaticana  |c 1992 
650 7 |a CATECISMO Y CREDOS  |2 CL-VaPUC  |9 392469 
650 0 |a Catolicismo  |9 258690 
650 0 |a Iglesia Católica  |9 256114 
650 7 |a EVANGELIZACION  |2 CL-VaPUC  |9 567514 
583 |a last modification  |c 20130318 11:20:00  |k Rodrigo Vera 
999 |c 351068  |d 351066 
952 |0 0  |1 0  |4 0  |6 238_200000000000000_CAT_1992  |7 0  |8 A  |9 454947  |a BIBTEO  |b BIBTEO  |d 2019-11-22  |h t.10  |i 4954890  |o 238.2 CAT 1992  |p 4954890  |r 2025-01-17  |w 2019-11-22  |y BK  |k ICR